Statistiken für Staaten - Hauptstädte

Klicken Sie hier um das Quiz zu spielen!

Allgemein

  • Dieses Quiz wurde 199 mal gespielt
  • Das Durchschnittsergebnis liegt bei 26 aus 32

Antwortstatistiken

HintAntwort% Korrekt
IndienNeu-Delhi
92%
IsraelJerusalem
91%
KuwaitKuwait
91%
RusslandMoskau
91%
TürkeiAnkara
89%
NordkoreaPjöngjang
89%
SingapurSingapur
89%
JapanTokio
89%
ChinaPeking
88%
SüdkoreaSeoul
87%
Vereinigte Arabische EmirateAbu Dhabi
85%
ThailandBangkok
84%
IndonesienJakarta
83%
MaledivenMale
81%
Saudi ArabienRiad
80%
SyrienDamaskus
79%
NepalKathmandu
79%
TaiwanTaipeh
79%
MongoleiUlan Bator
79%
VietnamHanoi
78%
AfganistanKabul
78%
MalaysiaKuala Kumpur
77%
LibanonBeirut
76%
PhilippinenManila
76%
KambodschaPhnom Penh
76%
IrakBagdad
75%
PakistanIslamabad
73%
IranTeheran
71%
JordanienAmman
70%
BangladeschDhaka
70%
KasachstanAstana
69%
Sri LankaColombo
63%

Verteilung der Resultate

Perzentil nach korrekt beantworteten Fragen

Anzahl Personen mit jedem Resultat

Ihre Resultats-Entwicklung

Sie haben dieses Quiz noch nicht gespielt